| 000 | 00787nam a22002057a 4500 | ||
|---|---|---|---|
| 003 | OSt | ||
| 005 | 20260317002409.0 | ||
| 008 | 260317b |||||||| |||| 00| 0 eng d | ||
| 020 | _a978-1-84738-741-7 | ||
| 040 |
_aDWCL GS lib _cOC |
||
| 100 | _aRUSSELL, RACHEL RENEE | ||
| 245 |
_aDork diaries _cRUSSELL, RACHEL RENEE |
||
| 260 |
_a Great Britain: _bSimon and Schuster _c2010 |
||
| 300 |
_avii, 282 pages _c20cm. |
||
| 520 | _aDork Diaries is a popular children's book series written in diary format by Rachel Renée Russell, following 14-year-old Nikki Maxwell as she navigates the horrors of middle school, popularity, crushes, and drama. | ||
| 546 | _aEnglish | ||
| 650 | _2children's realistic fiction | ||
| 650 | _2Embrace Your Inner Dork | ||
| 942 |
_2ddc _cFIC. _hFic. _n0 |
||
| 999 |
_c9174 _d9174 |
||